000 00266nam a22001097a 4500
008 160521b xxu||||| |||| 00| 0 eng d
020 _a2901424086008
041 _aeng
080 _a579
245 _aBiology :
_cToday and Tomorrow; Starr Evers Starr;
942 _2udc
_cBK
999 _c2355
_d2355